000 00213 a2200097 4500
001 47020
100 _aKahn D
245 _aThe Codebrcakers
260 _aLondon
_bWeidenfeld & Nicolson
_c
090 _c30088
_d30088
942 _aNUST-CAE
_cM
_c22323
999 _c282093
_d282093